<?xml version="1.0" encoding="UTF-8"?>
<record
    xmlns:xsi="http://www.w3.org/2001/XMLSchema-instance"
    xsi:schemaLocation="http://www.loc.gov/MARC21/slim http://www.loc.gov/standards/marcxml/schema/MARC21slim.xsd"
    xmlns="http://www.loc.gov/MARC21/slim">

  <leader>02935nam a2200457 i 4500</leader>
  <controlfield tag="003">DO-SdBNP</controlfield>
  <controlfield tag="005">20240830084209.0</controlfield>
  <controlfield tag="007">ta</controlfield>
  <controlfield tag="008">240829s2018    dr cg         000 0 spa d</controlfield>
  <datafield tag="020" ind1=" " ind2=" ">
    <subfield code="a">9789945893045 (v. 1)</subfield>
  </datafield>
  <datafield tag="040" ind1=" " ind2=" ">
    <subfield code="a">DO-SdBNP</subfield>
    <subfield code="b">spa</subfield>
    <subfield code="c">BNPHU</subfield>
    <subfield code="e">rda</subfield>
  </datafield>
  <datafield tag="082" ind1=" " ind2=" ">
    <subfield code="b">C614</subfield>
    <subfield code="2">22</subfield>
  </datafield>
  <datafield tag="110" ind1="1" ind2=" ">
    <subfield code="a">Refiner&#xED;a Dominicana de Petr&#xF3;leo, S.A (Refidomsa)</subfield>
    <subfield code="9">86469</subfield>
  </datafield>
  <datafield tag="245" ind1="1" ind2="0">
    <subfield code="a">Cl&#xE1;sicos Dominicanos /</subfield>
    <subfield code="c">producci&#xF3;n F&#xE9;lix Jim&#xE9;nez Jim&#xE9;nez ; coordinaci&#xF3;n musical y biograf&#xED;as de los compositores Julio C&#xE9;sar Paulino ; supervisores musicales Dante Cucurullo, Iluminada Jim&#xE9;nez de Lora ; an&#xE1;lisis musical Ana Silfa Finke ; supervisi&#xF3;n digitaci&#xF3;n musical Mayreni Morel Caraballo ; digitadores musicales Daniel Cabrera L&#xF3;pez, Jhonny Mora M&#xE1;rquez, Jos&#xE9; Almonte Mart&#xED;nez, Laura Linares Santana, Manuel Marmolejos Arias y otros </subfield>
  </datafield>
  <datafield tag="264" ind1=" " ind2="1">
    <subfield code="a">Santo Domingo :</subfield>
    <subfield code="b">Refidomsa,</subfield>
    <subfield code="c">2018.</subfield>
  </datafield>
  <datafield tag="264" ind1=" " ind2="3">
    <subfield code="b">Editora Amigo del Hogar, </subfield>
  </datafield>
  <datafield tag="300" ind1=" " ind2=" ">
    <subfield code="a">Volumenes</subfield>
    <subfield code="b">retrato, m&#xFA;sica </subfield>
    <subfield code="c">32 cm.</subfield>
  </datafield>
  <datafield tag="336" ind1=" " ind2=" ">
    <subfield code="2">rdacontent</subfield>
    <subfield code="a">texto</subfield>
    <subfield code="b">txt</subfield>
  </datafield>
  <datafield tag="337" ind1=" " ind2=" ">
    <subfield code="2">rdamedia</subfield>
    <subfield code="a">sin mediaci&#xF3;n </subfield>
    <subfield code="b">n</subfield>
  </datafield>
  <datafield tag="338" ind1=" " ind2=" ">
    <subfield code="2">rdacarrier</subfield>
    <subfield code="a">volumen</subfield>
    <subfield code="b">nc</subfield>
  </datafield>
  <datafield tag="500" ind1=" " ind2=" ">
    <subfield code="a">Incluye datos biogr&#xE1;ficos de los autores y an&#xE1;lisis musical.   </subfield>
  </datafield>
  <datafield tag="500" ind1=" " ind2=" ">
    <subfield code="a">tomos en espiral. </subfield>
  </datafield>
  <datafield tag="500" ind1=" " ind2=" ">
    <subfield code="a">Incluye las partituras. </subfield>
  </datafield>
  <datafield tag="505" ind1="0" ind2=" ">
    <subfield code="a">Volumen 1 --</subfield>
    <subfield code="t">Tres preguntas --</subfield>
    <subfield code="r">Luis Mena --</subfield>
    <subfield code="g">1895-1964 /</subfield>
    <subfield code="t">Una respuesta --</subfield>
    <subfield code="r">Bienvenido Bustamante --</subfield>
    <subfield code="g">1923-2002 /</subfield>
    <subfield code="t">Serenata en la --</subfield>
    <subfield code="r">Julio Alberto Hern&#xE1;ndez --</subfield>
    <subfield code="g">1900-1999 /</subfield>
    <subfield code="t">Eleg&#xED;a --</subfield>
    <subfield code="r">Ram&#xF3;n D&#xED;az Freeman --</subfield>
    <subfield code="g">1901-1976 /</subfield>
    <subfield code="t">A la ca&#xED;da de la tarde --</subfield>
    <subfield code="r">Jos&#xE9; Dolores Cer&#xF3;n --</subfield>
    <subfield code="g">1897-1969 /</subfield>
    <subfield code="t">Canto a la madre tierra --</subfield>
    <subfield code="r">Manuel Marino Mini&#xF1;o --</subfield>
    <subfield code="g">1930-1996 /</subfield>
    <subfield code="t">Rapsodia dominicana No. 1 --</subfield>
    <subfield code="r">Luis Rivera Gonz&#xE1;lez --</subfield>
    <subfield code="g">1901-1986 /</subfield>
    <subfield code="t">Suite pastoral --</subfield>
    <subfield code="r">Manuel Sim&#xF3; --</subfield>
    <subfield code="g">1916-1988 /</subfield>
    <subfield code="t">Simastral, fantas&#xED;a sinf&#xF3;nica --</subfield>
    <subfield code="r">Juan Francisco Garc&#xED;a --</subfield>
    <subfield code="g">1892-1974 /</subfield>
  </datafield>
  <datafield tag="590" ind1=" " ind2=" ">
    <subfield code="a">Inventariado, 2024/ YL</subfield>
  </datafield>
  <datafield tag="700" ind1="1" ind2=" ">
    <subfield code="4">prod.</subfield>
    <subfield code="a">Jim&#xE9;nez Jim&#xE9;nez, F&#xE9;lix </subfield>
    <subfield code="e">producci&#xF3;n </subfield>
    <subfield code="9">86470</subfield>
  </datafield>
  <datafield tag="700" ind1="1" ind2=" ">
    <subfield code="4">coord.</subfield>
    <subfield code="a">Paulino, Julio C&#xE9;sar </subfield>
    <subfield code="e">coordinaci&#xF3;n musical y biograf&#xED;as de los compositores </subfield>
    <subfield code="9">86471</subfield>
  </datafield>
  <datafield tag="700" ind1="1" ind2=" ">
    <subfield code="4">sup.</subfield>
    <subfield code="a">Cucurullo, Dante </subfield>
    <subfield code="e">supervisor musical   </subfield>
    <subfield code="9">86472</subfield>
  </datafield>
  <datafield tag="700" ind1="1" ind2=" ">
    <subfield code="4">sup.</subfield>
    <subfield code="a">Jim&#xE9;nez de Lora, Iluminada </subfield>
    <subfield code="e">supervisor musical</subfield>
    <subfield code="9">86473</subfield>
  </datafield>
  <datafield tag="700" ind1="1" ind2=" ">
    <subfield code="4">anal.</subfield>
    <subfield code="a">Silfa Finke, Ana </subfield>
    <subfield code="e">an&#xE1;lisis musical  </subfield>
    <subfield code="9">86474</subfield>
  </datafield>
  <datafield tag="700" ind1="1" ind2=" ">
    <subfield code="4">sup.</subfield>
    <subfield code="a">Morel Caraballo, Mayreni </subfield>
    <subfield code="e">supervisi&#xF3;n digitaci&#xF3;n musical </subfield>
    <subfield code="9">86475</subfield>
  </datafield>
  <datafield tag="700" ind1="1" ind2=" ">
    <subfield code="4">dig.</subfield>
    <subfield code="a">Cabrera L&#xF3;pez, Daniel </subfield>
    <subfield code="e">digitadores musicales </subfield>
    <subfield code="9">86476</subfield>
  </datafield>
  <datafield tag="700" ind1="1" ind2=" ">
    <subfield code="4">dig.</subfield>
    <subfield code="a">Mora M&#xE1;rquez, Jhonny </subfield>
    <subfield code="e">digitadores musicales</subfield>
    <subfield code="9">86477</subfield>
  </datafield>
  <datafield tag="700" ind1="1" ind2=" ">
    <subfield code="4">dig.</subfield>
    <subfield code="a">Almonte Mart&#xED;nez, Jos&#xE9; </subfield>
    <subfield code="e">digitadores musicales</subfield>
    <subfield code="9">86478</subfield>
  </datafield>
  <datafield tag="700" ind1="1" ind2=" ">
    <subfield code="4">dig.</subfield>
    <subfield code="a">Linares Santana, Laura </subfield>
    <subfield code="e">digitadores musicales</subfield>
    <subfield code="9">86479</subfield>
  </datafield>
  <datafield tag="700" ind1="1" ind2=" ">
    <subfield code="4">dig.</subfield>
    <subfield code="a">Marmolejos Arias, Manuel </subfield>
    <subfield code="e">digitadores musicales</subfield>
    <subfield code="9">86480</subfield>
  </datafield>
  <datafield tag="700" ind1="1" ind2=" ">
    <subfield code="4">dig.</subfield>
    <subfield code="a">Morel Caraballo, Mayreni </subfield>
    <subfield code="e">digitadores musicales</subfield>
    <subfield code="9">86475</subfield>
  </datafield>
  <datafield tag="700" ind1="1" ind2=" ">
    <subfield code="4">dig.</subfield>
    <subfield code="a">Cruz Nouel, Mirla </subfield>
    <subfield code="e">digitadores musicales</subfield>
    <subfield code="9">86481</subfield>
  </datafield>
  <datafield tag="910" ind1=" " ind2=" ">
    <subfield code="a">YLockward</subfield>
  </datafield>
  <datafield tag="942" ind1=" " ind2=" ">
    <subfield code="2">ddc</subfield>
    <subfield code="c">LBS1</subfield>
  </datafield>
  <datafield tag="952" ind1=" " ind2=" ">
    <subfield code="0">0</subfield>
    <subfield code="1">0</subfield>
    <subfield code="2">ddc</subfield>
    <subfield code="5">1</subfield>
    <subfield code="7">0</subfield>
    <subfield code="8">PD</subfield>
    <subfield code="a">BNPHU</subfield>
    <subfield code="b">BNPHU</subfield>
    <subfield code="c">CT</subfield>
    <subfield code="d">2019-04-24</subfield>
    <subfield code="e">Deposito Legal</subfield>
    <subfield code="l">0</subfield>
    <subfield code="o">BNPHU PD C614</subfield>
    <subfield code="p">2024-5149</subfield>
    <subfield code="r">2024-08-30</subfield>
    <subfield code="t">v. 1, t. 1</subfield>
    <subfield code="w">2024-08-30</subfield>
    <subfield code="y">LBS1</subfield>
  </datafield>
  <datafield tag="952" ind1=" " ind2=" ">
    <subfield code="0">0</subfield>
    <subfield code="1">0</subfield>
    <subfield code="2">ddc</subfield>
    <subfield code="5">1</subfield>
    <subfield code="7">0</subfield>
    <subfield code="8">PD</subfield>
    <subfield code="a">BNPHU</subfield>
    <subfield code="b">BNPHU</subfield>
    <subfield code="c">CT</subfield>
    <subfield code="d">2019-04-24</subfield>
    <subfield code="e">Deposito Legal</subfield>
    <subfield code="l">0</subfield>
    <subfield code="o">BNPHU PD C614</subfield>
    <subfield code="p">2024-5150</subfield>
    <subfield code="r">2024-08-30</subfield>
    <subfield code="t">v. 1, t. 2</subfield>
    <subfield code="w">2024-08-30</subfield>
    <subfield code="y">LBS1</subfield>
  </datafield>
  <datafield tag="952" ind1=" " ind2=" ">
    <subfield code="0">0</subfield>
    <subfield code="1">0</subfield>
    <subfield code="2">ddc</subfield>
    <subfield code="5">1</subfield>
    <subfield code="7">0</subfield>
    <subfield code="8">PD</subfield>
    <subfield code="a">BNPHU</subfield>
    <subfield code="b">BNPHU</subfield>
    <subfield code="c">CT</subfield>
    <subfield code="d">2019-04-24</subfield>
    <subfield code="e">Deposito Legal</subfield>
    <subfield code="l">0</subfield>
    <subfield code="o">BNPHU PD C614</subfield>
    <subfield code="p">2024-5151</subfield>
    <subfield code="r">2024-08-30</subfield>
    <subfield code="t">v. 1, t. 3</subfield>
    <subfield code="w">2024-08-30</subfield>
    <subfield code="y">LBS1</subfield>
  </datafield>
  <datafield tag="952" ind1=" " ind2=" ">
    <subfield code="0">0</subfield>
    <subfield code="1">0</subfield>
    <subfield code="2">ddc</subfield>
    <subfield code="5">1</subfield>
    <subfield code="7">0</subfield>
    <subfield code="8">PD</subfield>
    <subfield code="a">BNPHU</subfield>
    <subfield code="b">BNPHU</subfield>
    <subfield code="c">CT</subfield>
    <subfield code="d">2019-04-24</subfield>
    <subfield code="e">Deposito Legal</subfield>
    <subfield code="l">0</subfield>
    <subfield code="o">BNPHU PD C614</subfield>
    <subfield code="p">2024-5152</subfield>
    <subfield code="r">2024-08-30</subfield>
    <subfield code="t">v. 1, t. 4</subfield>
    <subfield code="w">2024-08-30</subfield>
    <subfield code="y">LBS1</subfield>
  </datafield>
  <datafield tag="952" ind1=" " ind2=" ">
    <subfield code="0">0</subfield>
    <subfield code="1">0</subfield>
    <subfield code="2">ddc</subfield>
    <subfield code="5">1</subfield>
    <subfield code="7">0</subfield>
    <subfield code="8">PD</subfield>
    <subfield code="a">BNPHU</subfield>
    <subfield code="b">BNPHU</subfield>
    <subfield code="c">CT</subfield>
    <subfield code="d">2019-04-24</subfield>
    <subfield code="e">Deposito Legal</subfield>
    <subfield code="l">0</subfield>
    <subfield code="o">BNPHU PD C614</subfield>
    <subfield code="p">2024-5153</subfield>
    <subfield code="r">2024-08-30</subfield>
    <subfield code="t">v. 1, t. 5</subfield>
    <subfield code="w">2024-08-30</subfield>
    <subfield code="y">LBS1</subfield>
  </datafield>
  <datafield tag="952" ind1=" " ind2=" ">
    <subfield code="0">0</subfield>
    <subfield code="1">0</subfield>
    <subfield code="2">ddc</subfield>
    <subfield code="5">1</subfield>
    <subfield code="7">0</subfield>
    <subfield code="8">PD</subfield>
    <subfield code="a">BNPHU</subfield>
    <subfield code="b">BNPHU</subfield>
    <subfield code="c">CT</subfield>
    <subfield code="d">2019-04-24</subfield>
    <subfield code="e">Deposito Legal</subfield>
    <subfield code="l">0</subfield>
    <subfield code="o">BNPHU PD C614</subfield>
    <subfield code="p">2024-5154</subfield>
    <subfield code="r">2024-08-30</subfield>
    <subfield code="t">v. 1, t. 6</subfield>
    <subfield code="w">2024-08-30</subfield>
    <subfield code="y">LBS1</subfield>
  </datafield>
  <datafield tag="952" ind1=" " ind2=" ">
    <subfield code="0">0</subfield>
    <subfield code="1">0</subfield>
    <subfield code="2">ddc</subfield>
    <subfield code="5">1</subfield>
    <subfield code="7">0</subfield>
    <subfield code="8">PD</subfield>
    <subfield code="a">BNPHU</subfield>
    <subfield code="b">BNPHU</subfield>
    <subfield code="c">CT</subfield>
    <subfield code="d">2019-04-24</subfield>
    <subfield code="e">Deposito Legal</subfield>
    <subfield code="l">0</subfield>
    <subfield code="o">BNPHU PD C614</subfield>
    <subfield code="p">2024-5155</subfield>
    <subfield code="r">2024-08-30</subfield>
    <subfield code="t">v. 1, t. 7</subfield>
    <subfield code="w">2024-08-30</subfield>
    <subfield code="y">LBS1</subfield>
  </datafield>
  <datafield tag="952" ind1=" " ind2=" ">
    <subfield code="0">0</subfield>
    <subfield code="1">0</subfield>
    <subfield code="2">ddc</subfield>
    <subfield code="5">1</subfield>
    <subfield code="7">0</subfield>
    <subfield code="8">PD</subfield>
    <subfield code="a">BNPHU</subfield>
    <subfield code="b">BNPHU</subfield>
    <subfield code="c">CT</subfield>
    <subfield code="d">2019-04-24</subfield>
    <subfield code="e">Deposito Legal</subfield>
    <subfield code="l">0</subfield>
    <subfield code="o">BNPHU PD C614</subfield>
    <subfield code="p">2024-5156</subfield>
    <subfield code="r">2024-08-30</subfield>
    <subfield code="t">v. 1, t. 8</subfield>
    <subfield code="w">2024-08-30</subfield>
    <subfield code="y">LBS1</subfield>
  </datafield>
  <datafield tag="952" ind1=" " ind2=" ">
    <subfield code="0">0</subfield>
    <subfield code="1">0</subfield>
    <subfield code="2">ddc</subfield>
    <subfield code="5">1</subfield>
    <subfield code="7">0</subfield>
    <subfield code="8">PD</subfield>
    <subfield code="a">BNPHU</subfield>
    <subfield code="b">BNPHU</subfield>
    <subfield code="c">CT</subfield>
    <subfield code="d">2019-04-24</subfield>
    <subfield code="e">Deposito Legal</subfield>
    <subfield code="l">0</subfield>
    <subfield code="o">BNPHU PD C614</subfield>
    <subfield code="p">2024-5157</subfield>
    <subfield code="r">2024-08-30</subfield>
    <subfield code="t">v. 1, t. 9</subfield>
    <subfield code="w">2024-08-30</subfield>
    <subfield code="y">LBS1</subfield>
  </datafield>
  <datafield tag="999" ind1=" " ind2=" ">
    <subfield code="c">57583</subfield>
    <subfield code="d">57583</subfield>
  </datafield>
</record>
